1337 1831 1159 1271 1799 1880 1882 1436 1318 1050 1629 1738 1852 1028 1369 1660 1038 1021 1460 1472 1746 1029 1023 1656 1322 1795 1784 1796 1204 1369 1171 1279 1519 1409 1593 1238 1232 1966 1733 1597 1326 1005 1924 1745 1626 1701 1143 1006 1280 1642 1296 1211 1147 1784 1797 1935 1773 1232 1741 1824 1090 1163 1504 1896 1586 1657 1417 1410 1043 1444 1576 1963 1318 1044 1172 1426 1393 1496 1760 1682 1930 1227 1206 1911 1832 1089 1733 1756 1247 1110 1669 1682 1125 1960 1571 1229 1981 1847 1093 BCNSPRNW ULIB Ver.6.0+V

เปลี่ยนเป็นภาษาไทย

Change to English
 แสดงรายละเอียดบรรณานุกรม
  กลับหน้าหลัก

Brief Record : Get Marc (ISO 2709) : E-mail record : QR code < ปิดหน้าต่าง
LEADER : 00000nam 2200000uu 4500
001    13399128846
003     ULIB
008    241009s2564||||th 000 0 tha d
020    ^a9786169368724
060 04 ^aWA30^bน688ด
100 0  ^aนิศากร บุญอาจ
245 10 ^aดูแลกันด้วยหัวใจความเป็นมนุษย์ ^b= Humanized care /^cนิศากร บุญอาจ
246 30 ^aดูแลกันด้วยหัวใจความเป็นมนุษย์ =^bHumanized care
246 31 ^aHumanized care
250    ^aพิมพ์ครั้งที่ 1
260    ^aนนทบุรี :^bบริษัทภาพพิมพ์,^c2564
300    ^a184 หน้า ;^c21 ซม.
650  4 ^aจิตวิทยา
945    ^p275^l0^i011086
945    ^p275^l0^i011087
999    ^aประนอม เกษจรัล
รายการนี้ยังไม่มีแท็ก
คุณยังไม่ได้ล็อกอิน คุณสามารถมีกิจกรรมร่วมกับเว็บไซต์ได้ แต่ต้องล็อกอินก่อน ::
  ล็อกอิน

รายการสื่อสารสนเทศ

ลำดับที่ ประเภท เลขเรียก/บาร์โค้ด สถานที่ สถานะ
1. วิทยาศาสตร์การแพทย์ และสุขภาพ
วิทยาศาสตร์การแพทย์ และสุขภาพ
WA30 น688ด ฉ.1 
  Barcode: 011086
ห้องสมุดวิทยาเขตสวรรค์ประชารักษ์
►หนังสือทั่วไป
บนชั้น
2. วิทยาศาสตร์การแพทย์ และสุขภาพ
วิทยาศาสตร์การแพทย์ และสุขภาพ
WA30 น688ด ฉ.2 
  Barcode: 011087
ห้องสมุดวิทยาเขตสวรรค์ประชารักษ์
►หนังสือทั่วไป
บนชั้น

รายการใกล้เคียง
    หัวเรื่อง [จิตวิทยา]

BibComment


ยังไม่เคยถูกคอมเมนท์

คอมเมนท์ทรัพยากรรายการนี้
  คอมเมนท์: ดูแลกันด้วยหัวใจ..


 Copyright 2026. Bcnsprnw @Library